000 00605nam a22001937a 4500
999 _c20371
_d20371
003 AR-CdUCM
008 190529b ||||| |||| 00| 0 spa d
040 _aMUNICIPALIDAD PROVINCIAL DEL CUSCO
_cBIBLIOTECA MUNICIPAL DEL CUSCO
082 _a869.56 /
_bP47
100 _aPetrovick, Julian
_942604
245 _aPaloma asustada /
260 _aLima :
_bJuan Mejia Baca,
_c1966.
300 _a125 páginas ;
_c23 cm.
505 _aContenido : Poesías --La paloma asustada -- Río mantaro -- Mis zapatos...
650 _aLiteratura
_983
650 _aPoesía
_9139
942 _2ddc
_cLIBROS
945 _arcc